| 000 | 07760nam a22006737a 4500 | ||
|---|---|---|---|
| 005 | 20120117125331.0 | ||
| 010 | _aB-445796-836 | ||
| 020 |
_a9780143066439 _c399.00 |
||
| 035 | _aB-445796-836 | ||
| 037 |
_adpl _bAllied Pub/Ven |
||
| 082 | _aS | ||
| 245 |
_aFolktales from India : _bA Selection of Oral tales from twenty-two languages / _cSelected and edited by A.K.Ramanujan |
||
| 260 |
_aNew Delhi _bPenguin Group _c2009 |
||
| 270 |
_a11 Community Centre, Panchsheel Park _bNew Delhi _e110017 |
||
| 300 |
_axxxv,420p. _bill. _c22cm(pbk) |
||
| 942 |
_2ddc _cEN _mFOL _hS |
||
| 999 |
_c61049 _d61049 |
||